| 000 | 00769nam a22002657a 4500 | ||
|---|---|---|---|
| 001 | 26229 | ||
| 003 | BD-RjUL | ||
| 005 | 20211209051004.0 | ||
| 008 | 140320s1942 ii 000 0 eng d | ||
| 035 | _a(BD-RjUL)26299 | ||
| 040 |
_aDLC _cDLC _beng _dBD-RjUL |
||
| 041 | _aeng | ||
| 082 |
_a954 _bMUM 1948 |
||
| 100 | 1 |
_aMukerji, Dhurjati Prasad _980640 |
|
| 245 | 1 | 0 |
_aModern Indian culture : _ba sociological study / _cDhurjati Prasad Mukerji. |
| 250 | _a2nd. re. and enl. | ||
| 260 |
_aBombay : _bHind Kitabs Ltd., _c1948. |
||
| 300 |
_aix, 235 p. ; _c20 cm. |
||
| 650 |
_aIndia Civilization _980641 |
||
| 651 | 0 |
_aIndia _xCivilization. _980642 |
|
| 830 | 0 |
_vitem 08379. _980650 |
|
| 942 |
_2ddc _cBK |
||
| 999 |
_c26229 _d26229 |
||